Vanished Arizona : (Record no. 432)

MARC details
000 -LEADER
fixed length control field 01195cam a2200325 i 4500
005 - DATE AND TIME OF LATEST TRANSACTION
control field 20260322212019.0
008 - FIXED-LENGTH DATA ELEMENTS--GENERAL INFORMATION
fixed length control field data
010 ## - LIBRARY OF CONGRESS CONTROL NUMBER
LC control number 76054922
020 ## - INTERNATIONAL STANDARD BOOK NUMBER
International Standard Book Number 0873801202
020 ## - INTERNATIONAL STANDARD BOOK NUMBER
International Standard Book Number 9780873801201
040 ## - CATALOGING SOURCE
Original cataloging agency DLC
Transcribing agency DLC
Modifying agency DLC
043 ## - GEOGRAPHIC AREA CODE
Geographic area code n-ust--
-- n-us-az
-- n-ust--
050 10 - LIBRARY OF CONGRESS CALL NUMBER
Classification number F811
Item number .S95 1976
082 00 - DEWEY DECIMAL CLASSIFICATION NUMBER
Classification number B
-- B
092 ## - LOCALLY ASSIGNED DEWEY CALL NUMBER (OCLC)
Classification number 979.1 S95 1976
001 - CONTROL NUMBER
control field data
100 1# - MAIN ENTRY--PERSONAL NAME
Personal name Summerhayes, Martha,
Dates associated with a name 1844-1926.
245 10 - TITLE STATEMENT
Title Vanished Arizona :
Remainder of title recollections of the Army life of a New England woman /
Statement of responsibility, etc. Martha Summerhayes.
260 ## - PUBLICATION, DISTRIBUTION, ETC.
Place of publication, distribution, etc. Glorieta, N.M. :
Name of publisher, distributor, etc. Rio Grande Press,
Date of publication, distribution, etc. c1966.
300 ## - PHYSICAL DESCRIPTION
Extent 327 p., [26] leaves of plates :
Other physical details ill. ;
Dimensions 24 cm.
490 0# - SERIES STATEMENT
Series statement A Rio Grande classic
500 ## - GENERAL NOTE
General note "7th edition." Reprint of the 2d ed. (1911) published by the Salem Press Co., Salem, Mass.; with new 1976 publisher's pref. and some additional photos.
500 ## - GENERAL NOTE
General note Includes index.
600 10 - SUBJECT ADDED ENTRY--PERSONAL NAME
Personal name Summerhayes, Martha,
Dates associated with a name 1844-1926.
610 10 - SUBJECT ADDED ENTRY--CORPORATE NAME
Corporate name or jurisdiction name as entry element United States.
Subordinate unit Army
General subdivision Military life.
650 #0 - SUBJECT ADDED ENTRY--TOPICAL TERM
Topical term or geographic name entry element Indians of North America
General subdivision Wars
Chronological subdivision 1866-1895.
650 #0 - SUBJECT ADDED ENTRY--TOPICAL TERM
Topical term or geographic name entry element Army spouses
Geographic subdivision Arizona
General subdivision Biography.
651 #0 - SUBJECT ADDED ENTRY--GEOGRAPHIC NAME
Geographic name Arizona
General subdivision Description and travel.
651 #0 - SUBJECT ADDED ENTRY--GEOGRAPHIC NAME
Geographic name Southwest, New
General subdivision Description and travel.
Holdings
Withdrawn status Lost status Damaged status Not for loan Home library Current library Shelving location Date acquired Total checkouts Full call number Barcode Date last seen Price effective from Koha item type
        Pleasant Valley Pleasant Valley General stacks 22/03/2026   979.1/04/0924 B BC0010443 22/03/2026 22/03/2026 Books